|
|
|
|
| LEADER |
02586cam a22003494a 4500 |
| 001 |
14268589 |
| 005 |
20150131111627.0 |
| 008 |
130731s2006 nyua b 001 0 eng |
| 010 |
|
|
|a 2006005560
|
| 020 |
|
|
|a 9788120331693
|
| 020 |
|
|
|a 0765617625 (cloth : alk. paper)
|
| 040 |
|
|
|a DLC
|c DLC
|d DLC
|d BD-DhAAL
|
| 050 |
0 |
0 |
|a JK1764
|b .M63 2006
|
| 082 |
0 |
0 |
|a 323/.0420973
|2 22
|
| 999 |
|
|
|c 13791
|d 13791
|
| 999 |
|
|
|c 13791
|
| 245 |
0 |
0 |
|a Modernizing democracy :
|b innovations in citizen participation /
|c edited by Terry F. Buss, F. Stevens Redburn, and Kristina Guo ; foreword by Xavier de Souza Briggs.
|
| 260 |
|
|
|a Armonk, N.Y. :
|b M.E. Sharpe ;
|
| 260 |
|
|
|a New Delhi :
|b Prentice Hall,
|c 2006 [Reprinted 2007]
|
| 300 |
|
|
|a x, 350 p. :
|b ill. ;
|c 24 cm.
|
| 490 |
|
|
|a Transformational trends in governance and democracy
|
| 504 |
|
|
|a Includes bibliographical references and index.
|
| 505 |
0 |
|
|a Modernizing democracy : an overview of the issues / Terry F. Buss, F. Stevens Redburn, and Kristina Guo -- Expanding and deepening citizen participation : a policy agenda / F. Stevens Redburn and Terry F. Buss -- Community learning : process and structure of collaborative engagement / Ricardo S. Morse -- Community learning in practice : insights from an action project in southwest Virginia / Ricardo S. Morse -- National accountability strategies for developing countries : observations on global practices / F. Stevens Redburn and Terry F. Buss -- Broadening citizen participation processes in federal programs : HUD's CDBG programs / Terry F. Buss and Marcela Tribble -- Using focus groups to develop family policy : the case of Georgia / Terry F. Buss -- Information technology and governance / Terry F. Buss and F. Stevens Redburn -- Lenses for understanding the changing environment for technology-supported citizen involvement / John O'Looney -- Simulation and decision support technologies for enhancing citizen understanding and engagement / John O'Looney -- The Internet, politics and democracy / Terry F. Buss and Nathaniel J. Buss.
|
| 541 |
|
|
|e 27297
|
| 650 |
|
0 |
|a Political participation
|z United States.
|9 7615
|
| 650 |
|
0 |
|a Electronic government information
|z United States.
|9 2474
|
| 650 |
|
0 |
|a Internet in public administration
|z United States.
|9 2475
|
| 700 |
1 |
|
|a Buss, Terry F.
|9 2476
|
| 700 |
1 |
|
|a Redburn, F. Stevens.
|9 2477
|
| 700 |
1 |
|
|a Guo, Kristina,
|d 1970-
|9 2478
|
| 942 |
|
|
|2 ddc
|c BK
|
| 952 |
|
|
|0 0
|1 0
|2 ddc
|4 0
|6 323_042097300000000_MOD
|7 0
|9 23066
|a IGS
|b IGS
|c GEN
|d 2013-07-31
|e Karim Innternational
|g 530.00
|l 0
|o 323.0420973 MOD
|p 3010027297
|r 2013-07-31
|t 1
|w 2013-07-31
|y BK
|